| 000 | 00678nam a2200205Ia 4500 | ||
|---|---|---|---|
| 001 | 13956 | ||
| 003 | GE_BSU | ||
| 008 | 181216s||||||||xx |||||||||||||| ||und|| | ||
| 040 | _cGE_BSU | ||
| 080 | _a662.76:696.2 | ||
| 100 | _aПиняков,М.Я. | ||
| 245 | _aСлесарь газового хозяйства (служба внутридомовых сетей и оборудования). | ||
| 245 | _cНауч. ред. Е.Б.Столпнер. | ||
| 260 | _aЛ. | ||
| 260 | _bНедра. | ||
| 260 | _c1972. | ||
| 300 | _a136 стр. с илл. 20 см. Библиогр.: стр.135. | ||
| 653 | _aСлесарь газового хозяйства. | ||
| 942 | _cBK | ||
| 999 |
_c47099 _d47099 |
||